[Event "Torneo de Navidad Base y Senior - Casino Primitivo"]
[Site "Calle Maestra 3 (Palacio de Cultura) - Jaén"]
[Date "2022.12.10"]
[Round "4.5"]
[White "Moya Gonzalez, Sebastian"]
[Black "Cano Padilla, Ruben Jesus"]
[Result "0-1"]
[WhiteElo "1250"]
[BlackElo "1866"]
[PlyCount "106"]
[EventDate "2022.??.??"]

{[%evp 0,43,23,12,44,45,46,32,26,19,52,67,79,74,79,60,66,37,17,16,33,32,53,52,42,2,4,-1,75,5,198,205,185,183,199,104,137,95,101,97,94,89,81,48,74,67]} 1. e4 {[%emt 0:00:01]} c5 {[%emt 0:00:02]} 2. Nf3 {[%emt 0:00:02]} e6 {[%emt 0:00:02]} 3. d4 {[%emt 0:00:01]} cxd4 {[%emt 0:00:02]} 4. Nxd4 {[%emt 0:00:01]} a6 {[%emt 0:00:02]} 5. Nc3 {[%emt 0:00:03]} Qc7 {[%emt 0:00:03]} 6. Be2 {[%emt 0:00:12]} Nf6 {[%emt 0:00:42]} 7. O-O {[%emt 0:00:46]} Bb4 {[%emt 0:00:22]} 8. Bd2 {[%emt 0:01:45]} Bxc3 {[%emt 0:00:12]} 9. Bxc3 {[%emt 0:00:01]} Nxe4 {[%emt 0:00:02]} 10. Bb4 {[%emt 0:01:32]} Nc5 {[%emt 0:00:39]} 11. Qd2 {[%emt 0:01:25]} O-O 12. Qc3 {[%emt 0:01:02]} d6 {[%emt 0:00:35]} 13. Rad1 {[%emt 0:00:51]} Rd8 {[%emt 0:00:44]} 14. Bf3 {[%emt 0:01:14]} Nbd7 {[%emt 0:00:44]} 15. Ba5 {[%emt 0:00:10]} b6 {[%emt 0:01:37]} 16. Bxa8 {[%emt 0:00:02]} bxa5 {[%emt 0:00:02]} 17. Bf3 {[%emt 0:00:14]} Ne5 {[%emt 0:00:13]} 18. a3 {[%emt 0:00:23]} Nxf3+ {[%emt 0:00:08]} 19. Nxf3 {[%emt 0:00:01]} Qb6 {[%emt 0:00:20]} 20. b4 {[%emt 0:00:10]} axb4 {[%emt 0:00:04]} 21. Qxb4 {[%emt 0:00:04]} Qc6 {[%emt 0:01:04]} 22. Nd4 {[%emt 0:07:45]} Qe4 23. Rfe1 Qg6 24. Nf3 Qxc2 25. Rd2 Qf5 26. Rc1 Ne4 27. Qb8 Nxd2 28. Nxd2 e5 29. h3 Rf8 30. Nf3 Be6 31. Qxd6 e4 32. Qe5 exf3 33. Qxf5 Bxf5 34. gxf3 h6 35. Rc6 Bd3 36. Rd6 Bb5 37. a4 {[%emt 0:00:14]} Bxa4 {[%emt 0:00:02]} 38. Rxa6 Bd7 {[%emt 0:00:05]} 39. Rd6 {[%emt 0:00:02]} Be6 {[%emt 0:00:01]} 40. Kg2 {[%emt 0:00:02]} Rc8 {[%emt 0:00:02]} 41. Kg3 {[%emt 0:00:04]} Rc4 {[%emt 0:00:03]} 42. Rb6 {[%emt 0:00:15]} g6 {[%emt 0:00:06]} 43. Rb7 Kg7 {[%emt 0:00:02]} 44. Rb5 {[%emt 0:00:05]} h5 {[%emt 0:00:05]} 45. h4 {[%emt 0:00:09]} Rc1 {[%emt 0:00:05]} 46. Kg2 {[%emt 0:00:03]} Rd1 {[%emt 0:00:07]} 47. Rc5 {[%emt 0:00:07]} Rd3 {[%emt 0:00:04]} 48. f4 Bd5+ {[%emt 0:00:04]} 49. Kf1 {[%emt 0:00:02]} Be6 {[%emt 0:00:11]} 50. Kg2 {[%emt 0:00:02]} Bg4 {[%emt 0:00:04]} 51. Rc4 {[%emt 0:00:13]} Rh3 {[%emt 0:00:14]} 52. Rb4 {[%emt 0:00:08]} Rxh4 {[%emt 0:00:04]} 53. f5 {[%emt 0:00:06]} Bh3+ {[%emt 0:00:02]} 0-1

[Event "Torneo de Navidad Base y Senior - Casino Primitivo"]
[Site "Calle Maestra 3 (Palacio de Cultura) - Jaén"]
[Date "2022.12.10"]
[Round "5.1"]
[White "Bernabeu Lopez, Carlos Javier"]
[Black "Ordonez Torres, Maria del Carmen"]
[Result "1/2-1/2"]
[WhiteElo "2468"]
[BlackElo "2041"]
[PlyCount "22"]
[EventDate "2022.??.??"]

{[%evp 0,22,23,12,18,18,25,19,28,28,30,33,42,34,60,30,295,271,0,0,0,0,0,0,1829]} 1. e4 e5 {[%emt 0:00:01]} 2. Nf3 {[%emt 0:00:01]} Nc6 {[%emt 0:00:01]} 3. Bb5 {[%emt 0:00:01]} a6 {[%emt 0:00:08]} 4. Bxc6 {[%emt 0:00:02]} dxc6 5. O-O {[%emt 0:00:02]} Bg4 {[%emt 0:00:02]} 6. h3 {[%emt 0:00:01]} h5 {[%emt 0:00:02]} 7. c3 {[%emt 0:00:01]} Qd3 {[%emt 0:00:07]} 8. hxg4 {[%emt 0:00:02]} hxg4 {[%emt 0:00:03]} 9. Nxe5 {[%emt 0:00:02]} Bd6 {[%emt 0:00:01]} 10. Nxd3 {[%emt 0:00:03]} Bh2+ {[%emt 0:00:02]} 11. Kh1 Bg1+ {Kh2 Bxh2} 1/2-1/2

[Event "Torneo de Navidad Base y Senior - Casino Primitivo"]
[Site "Calle Maestra 3 (Palacio de Cultura) - Jaén"]
[Date "2022.12.10"]
[Round "5.2"]
[White "Prieto Melendrez, Gustavo"]
[Black "Gonzalez de Miguel Yataco, Miguel Angel"]
[Result "1/2-1/2"]
[WhiteElo "1876"]
[BlackElo "1624"]
[PlyCount "45"]
[EventDate "2022.??.??"]

{[%evp 0,45,23,18,44,6,-7,-19,-17,-4,-1,-14,22,10,42,47,30,30,34,32,35,53,45,4,10,-27,-25,-23,-17,-16,-18,-25,1,-27,-32,-43,-58,-49,-50,-65,-65,-58,-64,-62,-63,-64,-62,-70]} 1. e4 {[%emt 0:02:35]} c5 {[%emt 0:00:05]} 2. c3 {[%emt 0:00:11]} d5 {[%emt 0:00:37]} 3. exd5 {[%emt 0:00:04]} Qxd5 {[%emt 0:00:05]} 4. Nf3 {[%emt 0:00:02]} Nc6 {[%emt 0:00:14]} 5. d4 {[%emt 0:00:08]} Bg4 {[%emt 0:00:18]} 6. Be2 {[%emt 0:00:02]} cxd4 {[%emt 0:00:09]} 7. cxd4 {[%emt 0:00:02]} Nf6 {[%emt 0:00:34]} 8. O-O {[%emt 0:00:05]} e6 {[%emt 0:00:10]} 9. Nc3 {[%emt 0:00:30]} Qd8 {[%emt 0:00:03]} 10. Be3 {[%emt 0:00:06]} Be7 {[%emt 0:00:18]} 11. Ne5 {[%emt 0:00:15]} Bxe2 {[%emt 0:00:11]} 12. Nxc6 {[%emt 0:00:07]} Bxd1 {[%emt 0:00:13]} 13. Nxd8 {[%emt 0:00:02]} Rxd8 {[%emt 0:00:06]} 14. Rfxd1 {[%emt 0:00:02]} O-O {[%emt 0:00:17]} 15. Rac1 {[%emt 0:00:39]} Rd7 {[%emt 0:00:56]} 16. Rd2 {[%emt 0:03:26]} b6 {[%emt 0:00:46]} 17. Rcd1 {[%emt 0:00:10]} Rfd8 {[%emt 0:00:29]} 18. f3 {[%emt 0:00:18]} h6 {[%emt 0:00:15]} 19. a3 {[%emt 0:00:19]} Nd5 {[%emt 0:00:46]} 20. Nxd5 {[%emt 0:00:06]} Rxd5 {[%emt 0:00:03]} 21. Kf2 {[%emt 0:00:28]} Bf6 {[%emt 0:00:50]} 22. f4 {[%emt 0:00:42]} h5 {[%emt 0:01:04]} 23. Ke1 {[%emt 0:00:12]} 1/2-1/2

[Event "Torneo de Navidad Base y Senior - Casino Primitivo"]
[Site "Calle Maestra 3 (Palacio de Cultura) - Jaén"]
[Date "2022.12.10"]
[Round "5.3"]
[White "Cano Padilla, Ruben Jesus"]
[Black "Castro Marquez, Andrea"]
[Result "1-0"]
[WhiteElo "1866"]
[BlackElo "1695"]
[PlyCount "99"]
[EventDate "2022.??.??"]

{[%evp 0,47,18,18,36,38,59,60,52,55,54,60,111,55,59,48,38,39,72,28,51,51,108,97,103,108,106,88,103,97,97,87,115,87,128,107,102,91,469,479,484,459,506,441,441,458,494,481,549,497]} 1. e4 {[%emt 0:00:02]} d5 {[%emt 0:00:01]} 2. exd5 {[%emt 0:00:05]} Qxd5 {[%emt 0:00:01]} 3. Nc3 {[%emt 0:00:02]} Qd6 4. Nf3 {[%emt 0:01:42]} Nf6 {[%emt 0:00:01]} 5. d4 {[%emt 0:00:09]} g6 {[%emt 0:00:01]} 6. Be2 {[%emt 0:00:36]} Bg7 {[%emt 0:00:02]} 7. O-O {[%emt 0:00:18]} O-O {[%emt 0:00:02]} 8. Nb5 {[%emt 0:00:33]} Qb6 {[%emt 0:00:03]} 9. c4 {[%emt 0:01:52]} c6 {[%emt 0:00:02]} 10. Nc3 {[%emt 0:00:10]} e6 {[%emt 0:00:48]} 11. Qc2 {[%emt 0:01:40]} a6 {[%emt 0:00:50]} 12. h3 {[%emt 0:00:13]} Qc7 {[%emt 0:00:19]} 13. a4 {[%emt 0:00:57]} Rd8 {[%emt 0:00:01]} 14. Bg5 {[%emt 0:00:18]} b6 {[%emt 0:00:30]} 15. Rfd1 {[%emt 0:00:26]} h6 {[%emt 0:00:15]} 16. Bh4 {[%emt 0:00:07]} Bb7 {[%emt 0:00:19]} 17. Ne4 {[%emt 0:00:15]} Nbd7 {[%emt 0:00:14]} 18. Bg3 {[%emt 0:00:05]} Qc8 {[%emt 0:00:12]} 19. Nd6 {[%emt 0:00:03]} Qc7 {[%emt 0:02:32]} 20. Nxf7 {[%emt 0:00:08]} Qc8 {[%emt 0:00:22]} 21. Nxd8 {[%emt 0:00:05]} Qxd8 {[%emt 0:00:01]} 22. Qxg6 {[%emt 0:00:14]} Qe7 {[%emt 0:00:37]} 23. Ne5 {[%emt 0:00:22]} Rd8 {[%emt 0:00:49]} 24. Bf3 {[%emt 0:00:23]} Rc8 {[%emt 0:00:21]} 25. Nxd7 {[%emt 0:00:24]} Nxd7 {[%emt 0:00:46]} 26. Bf4 {[%emt 0:00:26]} Qf6 {[%emt 0:00:21]} 27. Qxf6 {[%emt 0:00:04]} Nxf6 {[%emt 0:00:01]} 28. Be5 {[%emt 0:00:05]} Rd8 {[%emt 0:00:05]} 29. Rac1 {[%emt 0:00:06]} Kf7 {[%emt 0:00:04]} 30. b4 {[%emt 0:00:04]} Bf8 {[%emt 0:00:08]} 31. b5 {[%emt 0:00:09]} axb5 {[%emt 0:00:19]} 32. axb5 {[%emt 0:00:02]} Rc8 {[%emt 0:00:01]} 33. bxc6 {[%emt 0:00:02]} Bxc6 {[%emt 0:00:02]} 34. Bxc6 {[%emt 0:00:01]} Rxc6 35. Bxf6 {[%emt 0:00:35]} Kxf6 {[%emt 0:00:01]} 36. d5 {[%emt 0:00:06]} exd5 {[%emt 0:00:11]} 37. cxd5 {[%emt 0:00:02]} Rd6 {[%emt 0:00:02]} 38. Rc6 {[%emt 0:00:02]} Ke5 {[%emt 0:00:04]} 39. Rxd6 {[%emt 0:00:02]} Kxd6 {[%emt 0:00:01]} 40. f4 {[%emt 0:00:02]} b5 {[%emt 0:00:04]} 41. Kf2 {[%emt 0:00:01]} b4 {[%emt 0:00:01]} 42. Ke3 {[%emt 0:00:02]} Bg7 {[%emt 0:00:02]} 43. Ke4 {[%emt 0:00:02]} b3 {[%emt 0:00:02]} 44. g4 {[%emt 0:00:03]} Bc3 {[%emt 0:00:07]} 45. h4 {[%emt 0:00:04]} Bf6 {[%emt 0:00:14]} 46. g5 {[%emt 0:00:05]} hxg5 {[%emt 0:00:02]} 47. hxg5 {[%emt 0:00:01]} Bg7 48. f5 {[%emt 0:00:03]} b2 {[%emt 0:00:06]} 49. f6 {[%emt 0:00:02]} Bf8 {[%emt 0:00:02]} 50. Rb1 {[%emt 0:00:09] Kxd5+} 1-0

[Event "Torneo de Navidad Base y Senior - Casino Primitivo"]
[Site "Calle Maestra 3 (Palacio de Cultura) - Jaén"]
[Date "2022.12.10"]
[Round "5.4"]
[White "Barruz Ramirez, Antonio Angel"]
[Black "Cuevas Padilla, Bernabe"]
[Result "0-1"]
[WhiteElo "1498"]
[BlackElo "1834"]
[PlyCount "64"]
[EventDate "2022.??.??"]

{[%evp 0,42,18,23,23,22,42,7,8,4,16,6,48,10,14,7,6,7,41,42,17,19,33,25,27,23,30,18,13,-36,-16,-182,2,-125,-22,-39,0,-1,31,-500,-511,-558,-556,-591,-605]} 1. d4 {[%emt 0:00:01]} Nf6 {[%emt 0:00:02]} 2. Nf3 {[%emt 0:00:02]} g6 3. e3 {[%emt 0:00:02]} Bg7 {[%emt 0:00:01]} 4. Bd3 {[%emt 0:00:01]} O-O {[%emt 0:00:02]} 5. O-O {[%emt 0:00:02]} b6 {[%emt 0:00:09]} 6. Nbd2 {[%emt 0:00:05]} Bb7 {[%emt 0:00:02]} 7. Re1 {[%emt 0:00:11]} d5 {[%emt 0:00:13]} 8. e4 {[%emt 0:00:13]} dxe4 {[%emt 0:00:21]} 9. Nxe4 {[%emt 0:00:04]} Nbd7 {[%emt 0:00:40]} 10. c3 {[%emt 0:00:19]} e6 {[%emt 0:00:35]} 11. Bg5 {[%emt 0:00:58]} c5 {[%emt 0:00:12]} 12. dxc5 {[%emt 0:00:39]} bxc5 {[%emt 0:00:23]} 13. Nxf6+ {[%emt 0:01:00]} Nxf6 {[%emt 0:00:07]} 14. Be3 {[%emt 0:00:22]} Qc7 {[%emt 0:00:07]} 15. Qe2 {[%emt 0:01:21]} Rad8 {[%emt 0:00:19]} 16. Rad1 {[%emt 0:00:02]} Nd5 {[%emt 0:00:08]} 17. Bc4 {[%emt 0:00:59]} Bxc3 {[%emt 0:05:27]} 18. bxc3 {[%emt 0:02:06]} Nxc3 {[%emt 0:00:02]} 19. Rxd8 Nxe2+ {[%emt 0:00:02]} 20. Rxe2 {[%emt 0:00:02]} Rxd8 {[%emt 0:00:03]} 21. Nd2 {[%emt 0:01:18]} Bd5 {[%emt 0:00:16]} 22. g3 {[%emt 0:00:36]} Bxc4 {[%emt 0:00:10]} 23. Nxc4 Rd1+ {[%emt 0:00:01]} 24. Kg2 {[%emt 0:00:01]} Qb7+ {[%emt 0:00:14]} 25. f3 {[%emt 0:00:10]} Qb4 {[%emt 0:00:12]} 26. Nd2 {[%emt 0:01:20]} c4 {[%emt 0:00:13]} 27. Kf2 {[%emt 0:00:11]} a5 {[%emt 0:00:05]} 28. Ne4 {[%emt 0:00:13]} Kg7 {[%emt 0:00:46]} 29. Bd2 {[%emt 0:00:04]} Qb6+ {[%emt 0:00:05]} 30. Be3 {[%emt 0:00:02]} Qd8 {[%emt 0:00:10]} 31. Rc2 {[%emt 0:00:04]} Qd3 {[%emt 0:00:04]} 32. Rd2 {[%emt 0:00:03]} Qf1# {[%emt 0:00:41]} 0-1

[Event "Torneo de Navidad Base y Senior - Casino Primitivo"]
[Site "Calle Maestra 3 (Palacio de Cultura) - Jaén"]
[Date "2022.12.10"]
[Round "5.5"]
[White "Blanca Almagro Miguel"]
[Black "Garcia Hurtado, Juan Ramon"]
[Result "1-0"]
[WhiteElo "1832"]
[BlackElo "1403"]
[PlyCount "67"]
[EventDate "2022.??.??"]

{[%evp 0,67,25,26,18,-17,3,6,18,18,33,-42,7,-23,21,30,32,29,24,19,73,62,65,60,79,61,131,121,121,120,144,156,537,534,539,535,535,526,529,515,529,477,526,482,706,696,708,-439,736,-512,665,710,711,702,714,706,1007,1020,1031,1037,1056,1047,1066,1029,1046,1072,1099,1117,1153,1131]} 1. d4 {[%emt 0:00:03]} Nf6 {[%emt 0:00:02]} 2. c4 {[%emt 0:00:01]} e6 {[%emt 0:00:01]} 3. Nf3 {[%emt 0:00:03]} d5 4. Nc3 {[%emt 0:00:03]} Bb4 {[%emt 0:00:14]} 5. Qc2 {[%emt 0:00:02]} O-O {[%emt 0:00:07]} 6. Bg5 {[%emt 0:00:02]} c6 {[%emt 0:00:39]} 7. e3 {[%emt 0:00:08]} Nbd7 {[%emt 0:00:20]} 8. Bd3 {[%emt 0:00:12]} h6 {[%emt 0:00:05]} 9. Bh4 {[%emt 0:00:04]} Qc7 {[%emt 0:00:16]} 10. O-O {[%emt 0:00:12]} dxc4 {[%emt 0:00:50]} 11. Bxc4 {[%emt 0:00:04]} Nd5 {[%emt 0:00:03]} 12. Nxd5 {[%emt 0:01:31]} exd5 {[%emt 0:00:50]} 13. Bxd5 {[%emt 0:00:04]} Nb6 {[%emt 0:00:57]} 14. Be4 {[%emt 0:00:09]} f5 {[%emt 0:00:52]} 15. Qb3+ {[%emt 0:00:32]} Kh8 {[%emt 0:00:17]} 16. Qxb4 {[%emt 0:00:05]} Be6 {[%emt 0:00:50]} 17. Bg3 {[%emt 0:00:02]} Qd8 {[%emt 0:00:47]} 18. Bc2 {[%emt 0:00:24]} a5 {[%emt 0:00:07]} 19. Qd2 {[%emt 0:00:14]} Qf6 {[%emt 0:02:03]} 20. Be5 {[%emt 0:00:11]} Qe7 {[%emt 0:00:19]} 21. e4 {[%emt 0:00:18]} fxe4 {[%emt 0:00:16]} 22. Qxh6+ {[%emt 0:00:04]} Kg8 {[%emt 0:00:11]} 23. Ng5 {[%emt 0:00:02]} Bf5 {[%emt 0:00:12]} 24. g4 {[%emt 0:00:12]} Rf6 {[%emt 0:00:14]} 25. Bxf6 {[%emt 0:00:04]} Qxf6 {[%emt 0:00:01]} 26. Qxf6 {[%emt 0:00:05]} gxf6 {[%emt 0:00:21]} 27. Nxe4 {[%emt 0:00:13]} Bxg4 {[%emt 0:00:14]} 28. Nxf6+ {[%emt 0:00:04]} Kf7 {[%emt 0:00:02]} 29. Nxg4 {[%emt 0:00:02]} Rg8 {[%emt 0:00:01]} 30. h3 {[%emt 0:00:02]} Nd5 {[%emt 0:00:02]} 31. Bb3 {[%emt 0:00:04]} Rh8 {[%emt 0:00:08]} 32. Bxd5+ {[%emt 0:00:03]} cxd5 33. Kg2 {[%emt 0:00:01]} b5 {[%emt 0:00:02]} 34. f4 {[%emt 0:00:04]} 1-0

[Event "Torneo de Navidad Base y Senior - Casino"]
[Site "Calle Maestra 3 (Palacio de Cu"]
[Date "2022.12.10"]
[Round "6.1"]
[White "Prieto Melendrez, Gustavo"]
[Black "Bernabeu Lopez, Carlos Javier"]
[Result "0-1"]
[WhiteElo "1876"]
[BlackElo "2468"]
[Annotator "MF Leancy Fernández"]
[PlyCount "60"]
[EventDate "2022.??.??"]

{[%evp 0,49,23,18,25,37,17,13,20,-7,-2,10,26,-13,-19,-22,-25,-41,-20,-20,-28,
-68,-69,-74,-86,-102,-82,-112,-111,-218,-179,-320,-208,-192,-164,-172,-173,
-174,-174,-169,-177,-184,-153,-169,-170,-161,-151,-193,-192,-187,-192,-200]} 1.
e4 {[%emt 0:00:02]} e5 {[%emt 0:00:01]} 2. Nf3 {[%emt 0:00:05]} Nc6 {[%emt 0:
00:01]} 3. Bc4 {[%emt 0:00:12] Después de este movimiento queda planteada la
apertura Italiana o Gioco Piano,una de las mas antiguas del ajedrez y de las
primeras que se le enseñan a los estudiantes,ya que cumple con los principios
(ataque y control del centro,desarrollo armónico de las piezas,la seguridad
del rey)} Bc5 {[%emt 0:00:02]} 4. c3 {[%emt 0:00:27]} Nf6 {[%emt 0:00:02]} 5.
d4 {[%emt 0:00:09]} exd4 {[%emt 0:00:03]} 6. cxd4 {[%emt 0:00:01]} Bb4+ {
[%emt 0:00:02]} 7. Nc3 {[%emt 0:00:02]} Nxe4 {[%emt 0:00:22]} 8. O-O {[%emt 0:
00:04]} Bxc3 {[%emt 0:00:03]} 9. bxc3 {[%emt 0:00:03] [#]} (9. d5 {Me parece
interesante,puesto que no permite al negro fortalecer el centro con e5} Bf6 10.
Re1 Ne7 11. Rxe4 d6 12. Bg5 Bxg5 13. Nxg5 h6 14. Qe2 hxg5 15. Re1 Be6) 9... d5
{[%emt 0:00:02]} 10. Bb5 {[%emt 0:00:49] [#]} (10. Bd3 {Ad3 me parece mas
interesante, mantiene el alfil en la diagonal b1-h7.}) 10... O-O {[%emt 0:00:
03]} 11. Qd3 {[%emt 0:00:58] esta jugada no es buena,permite a las negras
desarrollar el alfil a f5 con ganancia de tiempo} Bf5 $1 {[%emt 0:00:10] Buena
jugada,desarrollamos pieza,atacando indirectamente a la dama blanca,que está
mal ubicada.} 12. Qe3 {[%emt 0:01:38] esta jugada ayuda a las negras a
desarrollarse con ganancia de tiempo.} (12. Re1) 12... Re8 {[%emt 0:00:09]} 13.
Qf4 {[%emt 0:00:36]} Bg6 {[%emt 0:00:34]} 14. Ne5 $2 {[%emt 0:00:18] en la
continuacion de la partida se muestra por que es un error} Nxc3 {[%emt 0:00:28]
} 15. Nxg6 hxg6 16. Bd3 Nb4 17. Qd2 Nxd3 18. Qxc3 Nxc1 19. Raxc1 c6 20. Rb1 Re7
21. Rfe1 Rxe1+ 22. Rxe1 Qd7 23. Re5 {hay que darle un respiro al rey ya sea h3
o g3.} (23. h3) (23. g3) 23... Re8 24. Qe3 Rxe5 {[%emt 0:00:26]} 25. Qxe5 b6 $1
{[%emt 0:00:29] buena jugada, cuando tenemos mayoria de peones en un flanco
hay que hacerlo funcionar,b6 con idea de c5 y pasar un peon} 26. Qe3 {[%emt 0:
01:30] la De5 esta bien ubicada,centralizada y entrando por la 8va,era
necesario nuevamente darle un escape al rey} (26. f3) (26. g3) 26... Qe6 $1 {
[%emt 0:00:16] las negras negras tienen dos peones de mas,un cambio de damas
seria genial.} 27. Qc3 {[%emt 0:00:22]} c5 $1 {[%emt 0:00:23] funciona por la
debilidad de la 8va,si dxc5-bxc y no puede capturar Dxc5 por De1#} 28. g3 {
[%emt 0:00:11]} c4 {[%emt 0:00:14]} 29. Kg2 {[%emt 0:00:27]} Qe4+ {[%emt 0:00:
05]} 30. f3 {[%emt 0:00:11]} Qe2+ {[%emt 0:00:02]} 0-1

[Event "Torneo de Navidad Base y Senior - Casino Primitivo"]
[Site "Calle Maestra 3 (Palacio de Cultura) - Jaén"]
[Date "2022.12.10"]
[Round "6.2"]
[White "Ordonez Torres, Maria del Carmen"]
[Black "Cano Padilla, Ruben Jesus"]
[Result "1-0"]
[WhiteElo "2041"]
[BlackElo "1866"]
[PlyCount "53"]
[EventDate "2022.??.??"]

{[%evp 0,45,23,25,45,44,69,58,76,37,24,26,49,25,32,30,34,-18,-9,-14,-4,1,-1,4,11,6,18,-4,5,-28,-16,-28,-14,-17,-9,19,29,21,21,36,281,309,303,250,282,229,245,257]} 1. e4 {[%emt 0:25:04]} c5 {[%emt 0:00:01]} 2. Nf3 {[%emt 0:00:01]} d6 {[%emt 0:00:02]} 3. d4 {[%emt 0:00:02]} cxd4 {[%emt 0:00:01]} 4. Nxd4 {[%emt 0:00:01]} Nf6 {[%emt 0:00:01]} 5. Nc3 {[%emt 0:00:01]} a6 6. h3 {[%emt 0:00:02]} e5 {[%emt 0:00:08]} 7. Nf3 Be7 {[%emt 0:00:02]} 8. g4 {[%emt 0:00:02]} O-O {[%emt 0:01:06]} 9. g5 {[%emt 0:00:09]} Nfd7 {[%emt 0:00:21]} 10. Be3 {[%emt 0:00:19]} Nc6 {[%emt 0:00:31]} 11. Qd2 {[%emt 0:00:25]} Nc5 {[%emt 0:00:06]} 12. O-O-O {[%emt 0:01:09]} Be6 {[%emt 0:00:24]} 13. h4 {[%emt 0:00:10]} b5 {[%emt 0:01:36]} 14. Bxc5 {[%emt 0:00:34]} dxc5 {[%emt 0:00:04]} 15. Nd5 {[%emt 0:00:05]} Nd4 16. Nxd4 Bxd5 {[%emt 0:00:34]} 17. Nf5 {[%emt 0:01:13]} Bxe4 {[%emt 0:00:04]} 18. Qe3 {[%emt 0:00:19]} Qxd1+ {[%emt 0:00:48]} 19. Kxd1 Bxh1 {[%emt 0:00:02]} 20. Nxe7+ {[%emt 0:00:03]} Kh8 21. Bd3 {[%emt 0:00:30]} Rad8 {[%emt 0:00:09]} 22. Ke1 {[%emt 0:00:13]} c4 {[%emt 0:00:08]} 23. Be2 {[%emt 0:00:09]} Bb7 {[%emt 0:00:13]} 24. Nf5 {[%emt 0:00:10]} Rfe8 {[%emt 0:00:12]} 25. h5 {[%emt 0:00:01]} e4 {[%emt 0:00:08]} 26. h6 {[%emt 0:00:03]} g6 {[%emt 0:00:07]} 27. Qc3+ {[%emt 0:00:04]} 1-0

[Event "Torneo de Navidad Base y Senior - Casino Primitivo"]
[Site "Calle Maestra 3 (Palacio de Cultura) - Jaén"]
[Date "2022.12.10"]
[Round "6.3"]
[White "Cuevas Padilla, Bernabe"]
[Black "Gamez Lara, Cesar Julio"]
[Result "1-0"]
[WhiteElo "1834"]
[BlackElo "1730"]
[PlyCount "151"]
[EventDate "2022.??.??"]

{[%evp 0,48,23,23,23,0,37,43,36,36,36,15,15,-1,10,14,40,42,46,41,44,52,54,62,55,38,60,74,105,52,53,34,34,31,35,-16,-7,-24,-28,-30,0,0,8,-53,-7,-7,-25,9,21,33,32]} 1. d4 {[%emt 0:00:08]} Nf6 {[%emt 0:00:02]} 2. c4 {[%emt 0:00:01]} g6 {[%emt 0:00:02]} 3. Nc3 {[%emt 0:00:01]} Bg7 {[%emt 0:00:01]} 4. e4 {[%emt 0:00:01]} d6 {[%emt 0:00:03]} 5. f3 {[%emt 0:00:01]} O-O {[%emt 0:00:11]} 6. Be3 {[%emt 0:00:02]} e5 {[%emt 0:00:39]} 7. d5 {[%emt 0:00:18]} c6 {[%emt 0:00:25]} 8. Bd3 {[%emt 0:00:22]} Nbd7 {[%emt 0:00:35]} 9. Nge2 {[%emt 0:00:18]} Nc5 {[%emt 0:00:37]} 10. Bc2 {[%emt 0:00:02]} a5 {[%emt 0:00:08]} 11. a3 {[%emt 0:00:49]} cxd5 {[%emt 0:01:26]} 12. cxd5 {[%emt 0:00:08]} Bd7 {[%emt 0:00:23]} 13. O-O {[%emt 0:06:34]} b5 14. Nc1 Qc7 15. Qd2 b4 16. N3e2 bxa3 {[%emt 0:00:01]} 17. bxa3 {[%emt 0:00:40]} Rab8 {[%emt 0:00:01]} 18. Rb1 {[%emt 0:00:33]} Rxb1 {[%emt 0:00:16]} 19. Bxb1 {[%emt 0:00:01]} Rb8 {[%emt 0:00:01]} 20. Nd3 {[%emt 0:00:09]} Nb3 {[%emt 0:00:41]} 21. Qc3 {[%emt 0:00:44]} Qb7 {[%emt 0:00:40]} 22. Ba2 {[%emt 0:00:11]} a4 {[%emt 0:00:01]} 23. Nb4 {[%emt 0:00:05]} Bb5 {[%emt 0:00:22]} 24. Re1 {[%emt 0:00:07]} Bxe2 {[%emt 0:01:21]} 25. Rxe2 {[%emt 0:00:01]} Qb5 26. Rc2 {[%emt 0:00:16]} Nd4 {[%emt 0:00:15]} 27. Bxd4 {[%emt 0:01:06]} exd4 28. Qc6 {[%emt 0:00:22]} Qxc6 {[%emt 0:00:40]} 29. Rxc6 {[%emt 0:00:02]} d3 {[%emt 0:00:17]} 30. Kf2 {[%emt 0:00:20]} Ne8 {[%emt 0:00:04]} 31. Ke3 {[%emt 0:00:07]} Bb2 {[%emt 0:00:05]} 32. Nxd3 {[%emt 0:00:11]} Bxa3 {[%emt 0:00:07]} 33. Ra6 {[%emt 0:00:07]} Rc8 {[%emt 0:00:14]} 34. Rxa4 {[%emt 0:00:08]} Bc5+ {[%emt 0:00:08]} 35. Nxc5 {[%emt 0:00:22]} Rxc5 {[%emt 0:00:02]} 36. Rc4 {[%emt 0:00:05]} Ra5 {[%emt 0:00:03]} 37. Bb3 {[%emt 0:00:01]} Ra3 38. Rc3 {[%emt 0:00:04]} Nf6 {[%emt 0:00:13]} 39. g3 {[%emt 0:00:17]} Nd7 {[%emt 0:00:01]} 40. Kd4 {[%emt 0:00:14]} Nc5 {[%emt 0:00:02]} 41. Bc4 {[%emt 0:00:03]} Ra4 {[%emt 0:00:05]} 42. h4 {[%emt 0:00:04]} Kg7 {[%emt 0:00:09]} 43. g4 {[%emt 0:00:07]} f6 {[%emt 0:00:08]} 44. Rc2 Ra3 {[%emt 0:00:05]} 45. Be2 {[%emt 0:00:04]} Nb3+ {[%emt 0:00:14]} 46. Kc4 {[%emt 0:00:08]} Na5+ {[%emt 0:00:01]} 47. Kb4 Ra1 {[%emt 0:00:01]} 48. g5 {[%emt 0:00:12]} Nb7 {[%emt 0:00:02]} 49. Rc7+ Kf8 {[%emt 0:00:05]} 50. gxf6 {[%emt 0:00:06]} Rb1+ {[%emt 0:00:11]} 51. Kc3 {[%emt 0:00:02]} Rc1+ {[%emt 0:00:08]} 52. Kd4 {[%emt 0:00:16]} Rxc7 {[%emt 0:00:02]} 53. f4 {[%emt 0:00:02]} Kf7 {[%emt 0:00:01]} 54. e5 {[%emt 0:00:01]} dxe5+ 55. fxe5 Nd8 {[%emt 0:00:08]} 56. Bc4 {[%emt 0:00:02]} Ra7 {[%emt 0:00:09]} 57. Kc5 {[%emt 0:00:07]} h6 {[%emt 0:00:07]} 58. Kb6 {[%emt 0:00:03]} Rb7+ {[%emt 0:00:08]} 59. Kc5 {[%emt 0:00:03]} g5 {[%emt 0:00:04]} 60. hxg5 {[%emt 0:00:05]} hxg5 61. Be2 {[%emt 0:00:01]} Rb2 {[%emt 0:00:07]} 62. Bh5+ {[%emt 0:00:01]} Kf8 {[%emt 0:00:02]} 63. e6 Rc2+ {[%emt 0:00:10]} 64. Kd6 Nb7+ 65. Kd7 {[%emt 0:00:02]} Nc5+ {[%emt 0:00:02]} 66. Kd8 {[%emt 0:00:07]} Nb7+ {[%emt 0:00:24]} 67. Kd7 Nc5+ {[%emt 0:00:17]} 68. Kd8 {[%emt 0:00:23]} Nb7+ {[%emt 0:00:02]} 69. Kd7 {[%emt 0:00:02]} Nc5+ 70. Kd6 {[%emt 0:00:02]} Ne4+ {[%emt 0:00:01]} 71. Ke5 {[%emt 0:00:05]} Nxf6 {[%emt 0:00:12]} 72. Kxf6 {[%emt 0:00:02]} Rf2+ 73. Ke5 {[%emt 0:00:02]} Ke7 74. d6+ {[%emt 0:00:01]} Kd8 {[%emt 0:00:01]} 75. e7+ {[%emt 0:00:01]} Kd7 {[%emt 0:00:04]} 76. e8=Q# {[%emt 0:00:19]} 1-0